Barcelona Kader 23/24 - Statistiken

Allgemein
  • Dieses Quiz wurde 433 mal gespielt
  • Das Durchschnittsergebnis liegt bei 15 aus 26
Antwortstatistiken
Trikot Nr. Spieler % Korrekt
1 ter Stegen
99%
6 Gavi
93%
8 Pedri
93%
9 Lewandowski
90%
27 Yamal
82%
4 Araujo
79%
21 de Jong
75%
23 Koundé
75%
3 Balde
69%
7 Torres
67%
11 Raphinha
66%
33 Cubarsí
61%
15 Christensen
58%
13 Peña
57%
22 Gündogan
53%
5 Martínez
50%
16 López
47%
2 Cancelo
44%
14 Félix
42%
39 Fort
33%
20 Roberto
32%
18 Romeu
31%
19 Roque
31%
38 Guiu
28%
17 Alonso
23%
26 Astralaga
14%
Keine übereinstimmenden Quizze gefunden
Verteilung der Resultate
Anzahl Personen mit jedem Resultat
Perzentil nach korrekt beantworteten Fragen
Ihre Resultats-Entwicklung
Sie haben dieses Quiz noch nicht gespielt